Busiest Airports by Country #1 - Statistics

General Stats
  • This quiz has been taken 183 times
  • The average score is 27 of 32
Answer Stats
# Answer % Correct
United Kingdom 43.1 M London (Gatwick)
99%
United Kingdom 75.7 M London (Heathrow)
99%
United Kingdom 14.7 M London (Luton)
99%
United Kingdom 24.3 M London (Stansted)
98%
United Kingdom 25.6 M Manchester
97%
Canada 44.3 M Toronto
97%
Spain 44.2 M Barcelona
96%
Germany 11.7 M Berlin (Schönefeld)
96%
Germany 21.3 M Berlin (Tegel)
96%
Spain 50.4 M Madrid
96%
Germany 60.8 M Frankfurt
95%
Germany 42.2 M Munich
95%
Canada 22.3 M Vancouver
95%
Canada 16.6 M Montreal
93%
Germany 16.2 M Hamburg
91%
United Kingdom 9.3 M Glasgow
90%
Germany 11.9 M Cologne / Bonn
87%
Germany 23.5 M Düsseldorf
87%
United Kingdom 12.4 M Edinburgh
87%
United Kingdom 11.7 M Birmingham
85%
Canada 4.7 M Ottawa
85%
Canada 7.5 M Edmonton
84%
Canada 15.7 M Calgary
83%
Spain 26.3 M Palma de Mallorca
77%
Germany 10.6 M Stuttgart
77%
Spain 16.7 M Málaga
75%
Canada 4.0 M Winnipeg
66%
Canada 3.9 M Halifax
60%
Spain 12.3 M Alicante
58%
Spain 7.4 M Ibiza
56%
Spain 10.5 M Tenerife
55%
Spain 12.1 M Gran Canaria
39%
No matching quizzes found
Score Distribution
Percent of People with Each Score
Percentile by Number Answered
Your Score History
You have not taken this quiz